| 000 | 00796nam a22002297a 4500 | ||
|---|---|---|---|
| 999 |
_c15135 _d15135 |
||
| 003 | OSt | ||
| 082 | _2631.587 LAK/TE | ||
| 088 | _aP 204 | ||
| 100 |
_aLAKSHMI P. D _93612 |
||
| 245 | _aTemporal groundwater fluctuation analysis of K.C.A.E.T campus | ||
| 260 |
_aTavanur 2009 _bKelappaji College of Agricultural Engineering and Technology |
||
| 300 | _a54 | ||
| 500 | _aTemporal groundwater fluctuation analysis of K.C.A.E.T campus | ||
| 520 | _aTemporal groundwater fluctuation analysis of K.C.A.E.T campus | ||
| 700 |
_aNishna Sathyan K. M _93613 |
||
| 700 |
_aRajeesh M _93614 |
||
| 700 |
_aSabnaram K. S _93615 |
||
| 700 |
_aVineeth V. R _93616 |
||
| 700 |
_aDr. E. K Mathew (Guide) _93400 |
||
| 856 | _uhttps://drive.google.com/open?id=1yTOLcMAQbefCoP3CyZbfX9ePyFdHaFiN | ||
| 942 | _cPR | ||